Topografía elemental
Tallennettuna:
| Päätekijä: | |
|---|---|
| Muut tekijät: | |
| Aineistotyyppi: | Kirja |
| Kieli: | Spanish |
| Julkaistu: |
México : Continental
1971.
|
| Aiheet: | |
| Tagit: |
Lisää tagi
Ei tageja, Lisää ensimmäinen tagi!
|
MARC
| LEADER | 00000nam a2200000Ia 4500 | ||
|---|---|---|---|
| 003 | 001766 | ||
| 005 | 20230809103845.0 | ||
| 008 | 140114s1971 mx a 000 ||spa d | ||
| 040 | |c cru CEDI | ||
| 100 | |a Davis, Raymond Earl, n. 1885 |9 1052 | ||
| 245 | |a Topografía elemental | ||
| 260 | |a México : Continental |c 1971. | ||
| 300 | |a 648 páginas : ilustraciones | ||
| 650 | |x TOPOGRAFIA |9 18989 | ||
| 700 | |9 18988 |a Kelly, Joe Wallace | ||
| 942 | |2 ddc |c CEDI |h 526.26 D263t |6 526_260000000000000_D263T | ||
| 999 | |c 14786 |d 14786 | ||
